Systémy osobnej ochrany (PA) v bezpečnostných systémoch

Gespeichert in:
Bibliographische Detailangaben
1. Verfasser: Juraš, Jaroslav (Verfasst von)
Weitere Verfasser: Kempný, Milan, 1942- (Betreuung Doktorarbeit)
Format: Manuskript Buch
Sprache:Slowakisch
Veröffentlicht: Bratislava : STU v Bratislave FEI, 2009
Schlagworte:
Tags: Tag hinzufügen
Keine Tags, Fügen Sie das erste Tag hinzu!

MARC

LEADER 00000ntm a22000003a 4500
001 stu195383
005 20160719165112.2
008 091103s2009----xo------------------slo-d
040 |a STU  |b slo 
041 0 |a slo 
044 |a xo 
100 1 |a Juraš, Jaroslav  |4 aut 
245 1 |a Systémy osobnej ochrany (PA) v bezpečnostných systémoch 
260 |a Bratislava :  |b STU v Bratislave FEI,  |c 2009 
300 |a 77 s 
500 |a Program: Environmentálne a bezpečnostné inžinierstvo 
650 7 |a elektronika  |2 stusub 
650 7 |a Mikroelektronika  |2 stusub 
650 7 |a bezpečnostné systémy  |2 stusub 
650 7 |a osobná ochrana  |2 stusub 
700 1 |a Kempný, Milan,  |d 1942-  |4 ths  |u E210  |U FEI Fakulta elektrotechniky a informatiky  |T FEI Katedra mikroelektroniky  |X 2114  |U E210  |Y 68  |7 A000002114